| 000 -LEADER |
| fixed length control field |
02557cam a22005417i 4500 |
| 001 - CONTROL NUMBER |
| control field |
18806848 |
| 003 - CONTROL NUMBER IDENTIFIER |
| control field |
Nust |
| 005 - DATE AND TIME OF LATEST TRANSACTION |
| control field |
20170314113845.0 |
| 008 - FIXED-LENGTH DATA ELEMENTS--GENERAL INFORMATION |
| fixed length control field |
151005s2009 enka b 001 0 eng |
| 010 ## - LIBRARY OF CONGRESS CONTROL NUMBER |
| LC control number |
2008023455 |
| 015 ## - NATIONAL BIBLIOGRAPHY NUMBER |
| National bibliography number |
GBA898469 |
| Source |
bnb |
| 020 ## - INTERNATIONAL STANDARD BOOK NUMBER |
| International Standard Book Number |
81-7648-376-1 |
| 035 ## - SYSTEM CONTROL NUMBER |
| System control number |
(OCoLC)ocn229749408 |
| 040 ## - CATALOGING SOURCE |
| Transcribing agency |
ASAB |
| 042 ## - AUTHENTICATION CODE |
| Authentication code |
lccopycat |
| 050 00 - LIBRARY OF CONGRESS CALL NUMBER |
| Classification number |
QH541.15.B56 |
| Item number |
B567 2009 |
| 082 04 - DEWEY DECIMAL CLASSIFICATION NUMBER |
| Classification number |
577.68 |
| Edition number |
22 |
| 245 00 - TITLE STATEMENT |
| Title |
biodiversity conservation, environmental pollution and ecology |
| Statement of responsibility, etc. |
B.N. Pandey |
| 250 ## - EDITION STATEMENT |
| Edition statement |
Volume II |
| 300 ## - PHYSICAL DESCRIPTION |
| Extent |
265 P |
| Other physical details |
illustrations ; |
| Dimensions |
25 cm. |
| 336 ## - CONTENT TYPE |
| Content type term |
text |
| Content type code |
txt |
| Source |
rdacontent |
| 337 ## - MEDIA TYPE |
| Media type term |
unmediated |
| Media type code |
n |
| Source |
rdamedia |
| 338 ## - CARRIER TYPE |
| Carrier type term |
volume |
| Carrier type code |
nc |
| Source |
rdacarrier |
| 490 1# - SERIES STATEMENT |
| Series statement |
Critical concepts in the environment |
| 504 ## - BIBLIOGRAPHY, ETC. NOTE |
| Bibliography, etc. note |
Includes bibliographical references and index. |
| 505 1# - FORMATTED CONTENTS NOTE |
| Formatted contents note |
Volume I. History, background and concepts -- volume II. Causes and consequences of biodiversity loss 1 : development, habitat loss and invasive species -- volume III. Causes and consequences of biodiversity loss 2 : pollution, climate change and unsustainable exploitation -- volume. IV. Response to biodiversity loss -- volume V. Future directions in biodiversity conservation. |
| 650 #0 - SUBJECT ADDED ENTRY--TOPICAL TERM |
| Topical term or geographic name entry element |
Biodiversity. |
| 650 #0 - SUBJECT ADDED ENTRY--TOPICAL TERM |
| Topical term or geographic name entry element |
Biodiversity conservation. |
| 650 #7 - SUBJECT ADDED ENTRY--TOPICAL TERM |
| Topical term or geographic name entry element |
Biodiversity. |
| Source of heading or term |
fast |
| Authority record control number or standard number |
(OCoLC)fst01429860 |
| 650 #7 - SUBJECT ADDED ENTRY--TOPICAL TERM |
| Topical term or geographic name entry element |
Biodiversity conservation. |
| Source of heading or term |
fast |
| Authority record control number or standard number |
(OCoLC)fst01429861 |
| 700 1# - ADDED ENTRY--PERSONAL NAME |
| Personal name |
Ladle, Richard J. |
| 776 08 - ADDITIONAL PHYSICAL FORM ENTRY |
| Relationship information |
Online version: |
| Title |
Biodiversity and conservation. |
| Place, publisher, and date of publication |
London ; New York : Routledge, 2009 |
| Record control number |
(OCoLC)741967616 |
| 830 #0 - SERIES ADDED ENTRY--UNIFORM TITLE |
| Uniform title |
Critical concepts in the environment. |
| 856 41 - ELECTRONIC LOCATION AND ACCESS |
| Materials specified |
Table of contents |
| Uniform Resource Identifier |
<a href="http://catdir.loc.gov/catdir/toc/ecip0819/2008023455.html">http://catdir.loc.gov/catdir/toc/ecip0819/2008023455.html</a> |
| 906 ## - LOCAL DATA ELEMENT F, LDF (RLIN) |
| a |
7 |
| b |
cbc |
| c |
copycat |
| d |
2 |
| e |
epcn |
| f |
20 |
| g |
y-gencatlg |
| 942 ## - ADDED ENTRY ELEMENTS (KOHA) |
| Source of classification or shelving scheme |
|
| Koha item type |
Book |